| 000 | 00619nam a2200217 a 4500 | ||
|---|---|---|---|
| 005 | 20210219152930.0 | ||
| 008 | 991125n 000 0 u | ||
| 035 | _aUPN01000067409 | ||
| 100 | _aMOONEY, Ann | ||
| 222 | _aEDUCATIONAL RESEARCH | ||
| 245 | _aChildren's view on teasing and fihting in junior schools | ||
| 300 | _a103-112 | ||
| 362 | _a1991 Vol. 33, no. 2 mar.-may. | ||
| 653 | 0 | _aCLASES SOCIALES | |
| 653 | 0 | _aDIFERENCIAS SEXUALES | |
| 653 | 0 | _aDISCRIMINACION RACIAL | |
| 700 | _aCREESER, Rosemary, coaut. | ||
| 700 | _aBLATCHFORD, Peter, coaut. | ||
| 904 |
_aAC _b005220 |
||
| 905 | _aArticulo | ||
| 999 |
_c64019 _d64019 |
||